Statistics for Shortened Words

Click here to take the quiz!

General Stats

  • This quiz has been taken 19 times
  • The average score is 22 of 27

Answer Stats

ShortenedExtended% Correct
CCMBRCucumber
100%
LKLYLikely
100%
TNDNCYTendency
100%
I’SLNDIsland
94%
SQR’ESquare
94%
U’RGNCYUrgency
94%
YTHYouth
94%
A’BNDNAbandon
88%
A’NGLAngel
88%
A’SSMBLYAssembly
88%
CMPCTCompact
88%
CYBRSPC’ECyberspace
88%
RPRSNTTV’ERepresentative
88%
ABLSHAbolish
82%
A’RCHTCTR’EArchitecture
82%
CK’ECake
82%
CTHDRLCathedral
82%
SPDRSpider
76%
A’PPLS’EApplause
71%
DSCNTDiscount
71%
JCKYJockey
71%
DSPT’EDespite
65%
RSC’ERescue
65%
A’CDAcid
59%
BNFCRYBeneficiary
53%
DSPS’EDespise
53%
MRRG’EMarriage
47%

Score Distribution

Percentile by Number Answered

Percent of People with Each Score

Your Score History

You have not taken this quiz